| 000 | 00880nam a2200205 i 4500 | ||
|---|---|---|---|
| 001 | 159779 | ||
| 003 | ES-MaACL | ||
| 005 | 20250629063136.0 | ||
| 008 | 040723s1867 fr f |||| |bfre d | ||
| 100 | 1 |
_aMirecourt, Eugène de, _d1812-1880 _9129980 |
|
| 245 | 1 | 2 |
_aL'empératrice Eugénie / _cpar Eugène de Mirecourt. |
| 260 |
_aParis : _bAchille Faure éditeur, _c1867 ( _eMirecourt : _fTyp. de L.-Ph. Costet) |
||
| 300 |
_a71 p., [1] h. de lám. ; _c15 cm. |
||
| 490 | 1 | _aHistoire contemporaine : portraits et silhouettes au XIX\pe\s siècle | |
| 599 | _aLa h. de lám. retrato de Eugenia de Montijo. | ||
| 600 | 1 | 4 |
_aEugenia _cEmperatriz consorte de Napoleón III, Emperador de Francia. _948322 |
| 830 | 0 |
_aHistoire contemporaine : portraits et silhouettes au XIX\pe\s siècle _9188225 |
|
| 852 |
_aES-MaACL _jG-14946(6) _z- Enc. hol. |
||
| 999 |
_c159779 _d159779 |
||